<?xml version="1.0" encoding="UTF-8"?>
<record
    xmlns:xsi="http://www.w3.org/2001/XMLSchema-instance"
    xsi:schemaLocation="http://www.loc.gov/MARC21/slim http://www.loc.gov/standards/marcxml/schema/MARC21slim.xsd"
    xmlns="http://www.loc.gov/MARC21/slim">

  <leader>00895nam a22002177a 4500</leader>
  <datafield tag="952" ind1=" " ind2=" ">
    <subfield code="0">0</subfield>
    <subfield code="1">0</subfield>
    <subfield code="2">ddc</subfield>
    <subfield code="4">0</subfield>
    <subfield code="7">0</subfield>
    <subfield code="8">NFIC</subfield>
    <subfield code="a">ASL</subfield>
    <subfield code="b">ASL</subfield>
    <subfield code="c">GEN</subfield>
    <subfield code="d">2020-10-22</subfield>
    <subfield code="e">Complementary</subfield>
    <subfield code="l">0</subfield>
    <subfield code="o">927 ISZ</subfield>
    <subfield code="p">101940</subfield>
    <subfield code="r">2020-10-22 00:00:00</subfield>
    <subfield code="t">C-1</subfield>
    <subfield code="w">2020-10-22</subfield>
    <subfield code="y">BK</subfield>
  </datafield>
  <datafield tag="952" ind1=" " ind2=" ">
    <subfield code="0">0</subfield>
    <subfield code="1">0</subfield>
    <subfield code="2">ddc</subfield>
    <subfield code="4">0</subfield>
    <subfield code="7">0</subfield>
    <subfield code="8">NFIC</subfield>
    <subfield code="a">ASL</subfield>
    <subfield code="b">ASL</subfield>
    <subfield code="c">WAC</subfield>
    <subfield code="d">2023-03-08</subfield>
    <subfield code="e">Donated by Prof. Wakil Ahmed</subfield>
    <subfield code="l">0</subfield>
    <subfield code="o">927 ISZ</subfield>
    <subfield code="p">119487</subfield>
    <subfield code="r">2023-03-08 00:00:00</subfield>
    <subfield code="t">C-2</subfield>
    <subfield code="w">2023-03-08</subfield>
    <subfield code="y">BK</subfield>
  </datafield>
  <datafield tag="999" ind1=" " ind2=" ">
    <subfield code="c">18725</subfield>
    <subfield code="d">18725</subfield>
  </datafield>
  <controlfield tag="003">BDDh-ASL</controlfield>
  <controlfield tag="005">20231015025728.0</controlfield>
  <controlfield tag="008">201022s2002    b  ||||| |||| 00| 0 be  d</controlfield>
  <datafield tag="020" ind1=" " ind2=" ">
    <subfield code="a">984824315</subfield>
  </datafield>
  <datafield tag="040" ind1=" " ind2=" ">
    <subfield code="a">BDDh-ASL</subfield>
    <subfield code="c">BDDh-ASL</subfield>
  </datafield>
  <datafield tag="041" ind1=" " ind2=" ">
    <subfield code="a">ben</subfield>
  </datafield>
  <datafield tag="082" ind1=" " ind2=" ">
    <subfield code="a">927</subfield>
    <subfield code="b">ISZ</subfield>
  </datafield>
  <datafield tag="100" ind1="1" ind2=" ">
    <subfield code="a">&#x987;&#x9B8;&#x9B2;&#x9BE;&#x9AE;, &#x9A8;&#x99C;&#x9B0;&#x9C1;&#x9B2;</subfield>
    <subfield code="9">559</subfield>
  </datafield>
  <datafield tag="245" ind1="1" ind2="0">
    <subfield code="a">&#x99C;&#x9AF;&#x9BC;&#x9A8;&#x9C1;&#x9B2; &#x986;&#x9AC;&#x9C7;&#x9A6;&#x9BF;&#x9A8; : &#x9A4;&#x9BE;&#x9B0; &#x995;&#x9BE;&#x99C; &#x993; &#x995;&#x9A5;&#x9BE; /</subfield>
    <subfield code="c">&#x9A8;&#x99C;&#x9B0;&#x9C1;&#x9B2; &#x987;&#x9B8;&#x9B2;&#x9BE;&#x9AE; &#x964; </subfield>
  </datafield>
  <datafield tag="246" ind1=" " ind2=" ">
    <subfield code="a">Zainul Abedin : His Works and Words by Nazrul Islam </subfield>
  </datafield>
  <datafield tag="260" ind1=" " ind2=" ">
    <subfield code="a">&#x9A2;&#x9BE;&#x995;&#x9BE; : </subfield>
    <subfield code="b">&#x9B8;&#x9AE;&#x9BE;&#x9AC;&#x9C7;&#x9B6;, </subfield>
    <subfield code="c">2002.</subfield>
  </datafield>
  <datafield tag="300" ind1=" " ind2=" ">
    <subfield code="a">&#x9E7;&#x9E8;&#x9EE; &#x9AA;&#x9C3;. :</subfield>
    <subfield code="c">&#x9E8;&#x9E8; &#x9B8;&#x9C7;. &#x9AE;&#x9BF;. </subfield>
  </datafield>
  <datafield tag="600" ind1="1" ind2="0">
    <subfield code="9">1601</subfield>
    <subfield code="a">&#x986;&#x9AC;&#x9C7;&#x9A6;&#x9BF;&#x9A8;, &#x99C;&#x9AF;&#x9BC;&#x9A8;&#x9C1;&#x9B2; </subfield>
    <subfield code="x">&#x99C;&#x9C0;&#x9AC;&#x9A8;&#x9C0; </subfield>
  </datafield>
  <datafield tag="650" ind1=" " ind2="0">
    <subfield code="a">&#x99A;&#x9BE;&#x9B0;&#x9C1;&#x9B6;&#x9BF;&#x9B2;&#x9CD;&#x9AA;, C&#x101;ru&#x15B;ilpa art, Arts and Crafts, &#x99A;&#x9BE;&#x9B0;&#x9C1; &#x993; &#x995;&#x9BE;&#x9B0;&#x9C1;&#x9B6;&#x9BF;&#x9B2;&#x9CD;&#x9AA;, C&#x101;ru &#x14D; k&#x101;ru&#x15B;ilpa</subfield>
    <subfield code="9">1602</subfield>
  </datafield>
  <datafield tag="942" ind1=" " ind2=" ">
    <subfield code="2">ddc</subfield>
    <subfield code="c">BK</subfield>
  </datafield>
</record>
